000 02334njm0a2200505 4500
001 RU\NLR\ONIZ\224759
005 20250708192921.0
035 _a(NLR Aleph) 011903821
035 _aRU\NLR\ONIZ\GALA\5000033955\20181221145404
071 0 0 _a2-054004
090 _a13283791
_c13283791
100 _a20181221f19001999|||y0rusy50 ca
102 _aRU
126 _aaduxexu ux
_bxxx
127 _a000008
135 _ahonoannnanndn
200 1 _aMadama Butterfly
_bЗвукозапись
_eTutti i Fior [Дуэт, 2 акт]
_fG. Puccini
_gисполн.: G. Farrar, [soprano], J. Jacoby, [orchestra]
210 _aS. l.
_cGramophone Monarch Record
_d[19--]
215 _a1 грп.(08 мин): 78 об/мин, моно; 30 см, в конв.
300 _aгрп. односторонняя
325 _aКопия доступна в электронной библиотеке РНБ
500 0 0 _aМадам Баттерфлай
_i"Tutti i fior", дуэт из 2 д.
_bЗвукозапись
_lопера
_rсопрано, меццо-сопрано и орк.
606 1 _aОперные певцы начала века
_xЗвукозапись
_yСША
_z20 в.
_2nlr_sh
686 _aЩ942.29-071(4Ит)
_vLBC/SL
_2rubbk
700 1 _9z01790
_aПуччини
_bД.
_f1858 - 1924
_gДжакомо
_4230
_7ca
702 1 _9z07790
_aФаррар
_bД.
_f1882-1967
_gДжеральдина
_4590
_4vso
_7ca
702 1 _9z08790
_aЯкоби
_bЖ.
_f1875-1948
_gЖозефина
_4590
_4vms
_7ca
790 1 _9z01700
_aPuccini
_bG.
_f1858 - 1924
_gGiacomo
_4230
_7ba
790 1 _9z07702
_aFarrar
_bG.
_f1882-1967
_gGeraldine
_4590
_4vso
_7ba
790 1 _9z08702
_aJacoby
_bJ.
_f1875-1948
_gJosephina
_4590
_4vms
_7ba
801 0 _aRU
_bNLR
_c20181221
_gPSBO
801 1 _aRU
_bNLR
_c20181221
_2rusmarc
801 2 _aRU
_bNLR
_c20181224
852 _aNLR
_bМг
_j3к/2935
_p16973
_t1
856 0 _uhttps://vivaldi.nlr.ru/mk000000675/view
856 1 _uhttps://vivaldi.nlr.ru/mk000000675/cover
856 2 _uhttps://vivaldi.nlr.ru/mk000000675/text
942 _cREC
980 _aNB
980 _aONIZ
981 2 4 _a(24) Нотные издания и аудиозаписи
_b(24) Грампластинки